Last unspoiled place : (Record no. 16725)

000 -LEADER
fixed length control field 00583cam a2200181 a 4500
020 ## - INTERNATIONAL STANDARD BOOK NUMBER
ISBN 9781426201011
020 ## - INTERNATIONAL STANDARD BOOK NUMBER
ISBN 9781426201028 ((dlx))
040 ## - CATALOGING SOURCE
Transcribing agency DLC
082 00 - DEWEY DECIMAL CLASSIFICATION NUMBER
Classification number 979 NAT 2007 A114 Or.
100 1# - MAIN ENTRY--AUTHOR NAME
Personal name Sweeney, Michael S.
245 10 - TITLE STATEMENT
Title Last unspoiled place :
Remainder of title Utah's Logan Canyon /
260 ## - PUBLICATION, DISTRIBUTION, ETC. (IMPRINT)
Place of publication Washington, D.C. :
Name of publisher National Geographic,
Year of publication c2007.
300 ## - PHYSICAL DESCRIPTION
Number of Pages 189 p. :
Other physical details ill. (chiefly col.), col. maps ;
Dimensions 26 cm.
500 ## - GENERAL NOTE
General note Includes index.
710 2# - ADDED ENTRY--CORPORATE NAME
Corporate name or jurisdiction name as entry element National Geographic Society (U.S.)
856 41 - ELECTRONIC LOCATION AND ACCESS
Uniform Resource Identifier http://www.loc.gov/catdir/toc/ecip077/2006036713.html
942 ## - ADDED ENTRY ELEMENTS (KOHA)
Koha item type សៀវភៅភាសាអង់គ្លេស
952 ## - LOCATION AND ITEM INFORMATION (KOHA)
Withdrawn status [LOCAL, KOHA] 0
Holdings
Permanent Location Date acquired Koha item type Lost status Shelving location Barcode Current Location Full call number
Library Block A2018-03-30សៀវភៅភាសាអង់គ្លេស A087A24834Library Block A979 NAT 2007 A087 Or.
មជ្ឈមណ្ឌលឯការនៃសាកលវិទ្យាល័យភូមិន្ទកសិកម្មចំការដូង

Powered by Koha